<?xml version="1.0" encoding="UTF-8"?>
<record
    xmlns:xsi="http://www.w3.org/2001/XMLSchema-instance"
    xsi:schemaLocation="http://www.loc.gov/MARC21/slim http://www.loc.gov/standards/marcxml/schema/MARC21slim.xsd"
    xmlns="http://www.loc.gov/MARC21/slim">

  <leader>01650nam a2200265   4500</leader>
  <controlfield tag="001">113577</controlfield>
  <controlfield tag="003">DR-UNIBE</controlfield>
  <controlfield tag="005">20250509062545.0</controlfield>
  <controlfield tag="008">250508b2008    mx ||||| |||| 00| 0 spa d</controlfield>
  <datafield tag="020" ind1=" " ind2=" ">
    <subfield code="a"> 9786074680454</subfield>
  </datafield>
  <datafield tag="040" ind1=" " ind2=" ">
    <subfield code="a">BIBLIOTECA UNIBE</subfield>
    <subfield code="c">BIBLIOTECA UNIBE</subfield>
    <subfield code="b">spa</subfield>
    <subfield code="e">rda</subfield>
  </datafield>
  <datafield tag="041" ind1=" " ind2=" ">
    <subfield code="a">spa</subfield>
  </datafield>
  <datafield tag="082" ind1=" " ind2=" ">
    <subfield code="2">22</subfield>
    <subfield code="a">347.014 B224u</subfield>
  </datafield>
  <datafield tag="100" ind1=" " ind2="0">
    <subfield code="a">Barak, Aharon,</subfield>
    <subfield code="d">1936-</subfield>
    <subfield code="e">autor</subfield>
    <subfield code="9">193500</subfield>
  </datafield>
  <datafield tag="245" ind1="1" ind2="3">
    <subfield code="a">Un juez reflexiona sobre su labor : </subfield>
    <subfield code="b">el papel de un tribunal constitucional en una democracia / </subfield>
    <subfield code="c">Aharon Barak ; traducci&#xF3;n de, Estefan&#xED;a Vela Barba</subfield>
  </datafield>
  <datafield tag="260" ind1=" " ind2=" ">
    <subfield code="a">M&#xE9;xico : </subfield>
    <subfield code="b"> Suprema Corte de Justicia de la Naci&#xF3;n, </subfield>
    <subfield code="c">2008</subfield>
  </datafield>
  <datafield tag="300" ind1=" " ind2=" ">
    <subfield code="a"> xxii. 202 p&#xE1;ginas :</subfield>
    <subfield code="c">21  x 13 cm</subfield>
  </datafield>
  <datafield tag="500" ind1=" " ind2=" ">
    <subfield code="a">Obra publica en noviembre de 2002 como pr&#xF3;logo para u n&#xFA;mero especial del Harvard Law Review, con el t&#xED;tulo &#x201C;The Supreme Court, 2001 Term&#x2014; Foreword: A Judge on Judging: The Role of a Supreme Court in Democracy&#x201D;. Comentario de la obra en la contraportada</subfield>
  </datafield>
  <datafield tag="505" ind1=" " ind2=" ">
    <subfield code="a">Presentaci&#xF3;n |
Cap&#xED;tulo I.  El papel de un tribunal constitucional |
Cap&#xED;tulo II. Precondiciones para la funci&#xF3;n judicial |
Cap&#xED;tulo III. Los medios para cumplir con la funci&#xF3;n judicial |
Cap&#xED;tulo IV. La relaci&#xF3;n entre el tribunal constitucional y las otras ramas del Gobierno |
Cap&#xED;tulo V.  El tribunal constitucional y el problema del terrorismo |
Cap&#xED;tulo VI. &#xBF;Qu&#xE9; del futuro?</subfield>
  </datafield>
  <datafield tag="650" ind1=" " ind2="7">
    <subfield code="2">lemb</subfield>
    <subfield code="a">Jueces </subfield>
    <subfield code="z">M&#xE9;xico</subfield>
    <subfield code="9">195087</subfield>
  </datafield>
  <datafield tag="700" ind1="1" ind2="0">
    <subfield code="a">Vela Barba, Estefan&#xED;a</subfield>
    <subfield code="9">195083</subfield>
    <subfield code="e">traductor</subfield>
  </datafield>
  <datafield tag="700" ind1="1" ind2="0">
    <subfield code="a">Reynoso N&#xFA;&#xF1;ez, Jos&#xE9;</subfield>
    <subfield code="9">195084</subfield>
    <subfield code="e">revisi&#xF3;n de traducci&#xF3;n</subfield>
  </datafield>
  <datafield tag="710" ind1="1" ind2="0">
    <subfield code="a">Comit&#xE9; de Publicaciones y Promoci&#xF3;n Educativa</subfield>
    <subfield code="9">194812</subfield>
    <subfield code="e">presentaci&#xF3;n</subfield>
  </datafield>
  <datafield tag="942" ind1=" " ind2=" ">
    <subfield code="2">ddc</subfield>
    <subfield code="c">BK</subfield>
  </datafield>
  <datafield tag="999" ind1=" " ind2=" ">
    <subfield code="c">113577</subfield>
    <subfield code="d">113577</subfield>
  </datafield>
  <datafield tag="952" ind1=" " ind2=" ">
    <subfield code="0">0</subfield>
    <subfield code="1">0</subfield>
    <subfield code="2">ddc</subfield>
    <subfield code="7">0</subfield>
    <subfield code="8">GEN</subfield>
    <subfield code="a">Principal</subfield>
    <subfield code="d">2025-04-08</subfield>
    <subfield code="l">0</subfield>
    <subfield code="o">347.014 B224u</subfield>
    <subfield code="p">250419</subfield>
    <subfield code="r">2025-05-08 10:12:06</subfield>
    <subfield code="t">Ej. 1</subfield>
    <subfield code="w">2025-05-08</subfield>
    <subfield code="y">BK</subfield>
  </datafield>
  <datafield tag="952" ind1=" " ind2=" ">
    <subfield code="0">0</subfield>
    <subfield code="1">0</subfield>
    <subfield code="2">ddc</subfield>
    <subfield code="7">0</subfield>
    <subfield code="8">GEN</subfield>
    <subfield code="a">Principal</subfield>
    <subfield code="d">2025-04-08</subfield>
    <subfield code="l">0</subfield>
    <subfield code="o">347.014 B224u</subfield>
    <subfield code="p">250219</subfield>
    <subfield code="r">2025-10-09 09:01:23</subfield>
    <subfield code="t">Ej. 2</subfield>
    <subfield code="w">2025-05-08</subfield>
    <subfield code="y">BK</subfield>
  </datafield>
</record>
